French studies simplified: an illustrated and progressively graded text to make French studies easier

I tiakina i:
Ngā taipitopito rārangi puna kōrero
Kaituhi matua: ADEYEYE, E. Adekanmi
Hōputu: Pukapuka
Reo:Ingarihi
I whakaputaina: School Community Services 2014
Tags: Tāpirihia he Tūtohu
No Tags, Be the first to tag this record!

MARC

LEADER 00000nam a22000007a 4500
008 231006b |||||||| |||| 00| 0 eng d
020 |a 9789785194777 
100 |a ADEYEYE, E. Adekanmi 
245 |a French studies simplified:  |b  an illustrated and progressively graded text to make French studies easier  |c  / E. Adekanmi Adeyeye  |g v, 135p. ill. 
260 |b School Community Services  |c 2014  |h [Nigeria]  |i 691427  |l PC2112.Ad31  |m French language - Verbs - Conjugation  |m French language - Study and teaching  |m French language - Grammar 
942 |a lcc  |c BK  |e A.R.Akinniyi  |f 6:10:2023 
952 |0 0  |1 0  |2 lcc  |4 0  |6 PC2112 A D31  |7 0  |9 4538  |a HOL  |b HOL  |c LP  |d 2023-10-06  |l 0  |o PC2112.Ad31  |p 2023-0458  |r 2023-10-06 00:00:00  |t 691427  |w 2023-10-06  |y BK 
952 |0 0  |1 0  |2 lcc  |4 0  |6 PC2112 A D31  |7 0  |9 4539  |a HOL  |b ART  |c LP  |d 2023-10-06  |l 0  |o PC2112.Ad31  |p 2023-0459  |r 2023-10-06 00:00:00  |t 691427  |w 2023-10-06  |y BK 
999 |c 2273  |d 2273